000 00836nam a2200241Ia 4500
001 13319
003 OCoLC
005 20250829073222.0
008 960730s1997 caua b 001 0 eng d
020 _a0201466988
020 _a0201468018 (Lab. manual)
040 _aBHS
_cBHS
_dCIN
082 _2530
_bHEW
100 1 _aHewitt, Paul G
_95333
245 1 0 _aConceptual physics /
_cwritten and illustrated by Paul G. Hewitt
250 _a3rd ed., teacher's ed
260 _aMenlo Park, Calif. :
_bAddison-Wesley,
_cc1997
300 _a47, xi, 692 p. :
_bill. (some col.) ;
_c26 cm. +
_e1 laboratory manual (45, xiv, 322 p. : ill. ; 28 cm.)
504 _aIncludes bibliographical references and index
650 0 _aPhysics
_xStudy and teaching (Secondary)
_925866
710 2 _aAddison-Wesley Publishing Company
_925867
942 _2ddc
_cBK
999 _c13319
_d13319